লোডিং...

Indo-Anglian Fiction an assessment

গ্রন্থ-পঞ্জীর বিবরন
প্রধান লেখক: Mehta;P P
বিন্যাস: Printed Book
প্রকাশিত: Bareilly; Prakash Book Depot; 1968
সংস্করন:1st
বিষয়গুলি:
LEADER 00485nam a22001457a 4500
082 |a 824  |b MEH/I K8 
100 |a  Mehta;P P  |9 298913 
245 |a Indo-Anglian Fiction an assessment 
250 |a 1st 
260 |a Bareilly;  |b Prakash Book Depot;  |c 1968 
300 |a 298p. 
650 |a Fiction Study; English Literature  |9 298378 
942 |c BK 
999 |c 60687  |d 60687 
952 |0 0  |1 0  |4 0  |6 824MEH_I_K8  |7 0  |8 EngFic  |9 72936  |a MAL  |b MAL  |d 2016-09-08  |e 21671  |l 0  |o 824MEH/I K8  |p MAL021671  |r 2016-09-08  |t 1  |w 2016-09-08  |y BK